01663cam a22003615i 4500999001700000001000900017003000900026005001700035008004100052020001800093020001500111040003800126043001200164082002300176100005600199245017100255246004400426264005300470264001000523300004500533336002600578337002800604338002700632520015400659650006500813650007400878650003900952653002700991655001701018856009101035942001901126952015601145 c27896d2786715863553EG-ScBUE20191216112124.0090811t20092009nyua f d 000 0 eng d a9780764138614 a0764138618 aDLCbengerdacDLCdDLCdEG-ScBUE an-us---04a427.97303bMAR2220 aMary Elizabethq(Mary Elizabeth Podhaizer)eauthor.10aBarron's American slang dictionary and thesaurus /cMary Elizabeth, M. Ed. educational product developer, Adjunct Faculty, University of Vermont, Burlington, Vermont.30aAmerican slang dictionary and thesaurus 1aNew York :bBarron's Educational Series,c[2009] 4cc2009 axxi, 596 pages :billustrations ;c23 cm atextbtxt2rdacontent aunmediatedbn2rdamedia avolumebnc2rdacarrier aPresents English language slang terms and phrases in alphabetical and thematic formats, and provides explanations for slang usage and phrase origins. 7aEnglish languagezUnited StatesxSlangvDictionaries.2BUEsh 7aEnglish languagezUnited StatesxSlangxSynonyms and antonyms.2BUEsh 7aAmericanismsvDictionaries.2BUEsh bHHUUEENNcNovember2019 vReading book423Publisher descriptionuhttp://www.loc.gov/catdir/enhancements/fy0916/2009934705-d.html 2ddccREFERENCE 00102ddc40708BaccahaMAINbMAINc2NDd2019-11-27ePurchaseg150.00l0o427.97303 MARp000048379r2025-11-13 00:00:00v187.50w2019-11-27yREFERENCE